History Quiz

Random History or War Quiz

11th Century Sieges Quiz Stats

 Plays Quiz not verified by Sporcle

Support Sporcle.
Go Orange.
Score 0/24 Timer 05:00
0 Plays Today
Question Answer Wrong Answers
Outcome:
Crusader victory and the establishment of the Kingdom of Jerusalem
Jerusalem
91.6%
Exeter
2%
Medina
0%
Niemcza
0.2%
Modern Day Country:
United Kingdom constituent country of England
Exeter
90.6%
Jerusalem
1%
Medina
0.6%
Niemcza
0.6%
War or Major Conflict:
Norman Conquest of England
Exeter
89.6%
Jerusalem
1.4%
Medina
1%
Niemcza
1%
Primary Combatants:
Kingdom of England and Godwinson rebels
Exeter
89%
Jerusalem
2%
Medina
1.2%
Niemcza
1%
Modern Day Country:
Poland
Niemcza
89%
Exeter
2.2%
Jerusalem
1.2%
Medina
0.8%
War or Major Conflict:
German–Polish War
Niemcza
87.2%
Exeter
3.4%
Jerusalem
1%
Medina
1.4%
War or Major Conflict:
First Crusade
Jerusalem
87.2%
Exeter
2.8%
Medina
3%
Niemcza
0.2%
Outcome:
Polish victory and the end of Henry II's campaign in Poland
Niemcza
87.2%
Exeter
4.6%
Jerusalem
1%
Medina
1%
Modern Day Country:
Israel
Jerusalem
86.8%
Exeter
1.8%
Medina
2.8%
Niemcza
0.8%
Primary Combatants:
Kingdom of Poland and Holy Roman Empire
Niemcza
86.2%
Exeter
2.6%
Jerusalem
2.6%
Medina
2%
Leaders:
William I, King of England, and Gytha Thorkelsdóttir
Exeter
85.8%
Jerusalem
3.4%
Medina
1.4%
Niemcza
3.2%
Leaders:
Henry II, Holy Roman Emperor, and Bolesław I the Brave, King of Poland
Niemcza
81.2%
Exeter
3.8%
Jerusalem
5.6%
Medina
2.2%
Outcome:
Surrender of the city to the Normans, but escape of Gytha Thorkelsdóttir
Exeter
80.4%
Jerusalem
2.8%
Medina
3.2%
Niemcza
6.8%
Primary Combatants:
Byzantine Empire and Muslim inhabitants of Malta, with their slaves
Medina
77%
Exeter
2.8%
Jerusalem
7.4%
Niemcza
5.6%
Primary Combatants:
Fatimid Caliphate and Crusaders
Jerusalem
75.8%
Exeter
3.6%
Medina
11.4%
Niemcza
1.2%
Outcome:
Muslim victory and freedom for the slaves who assisted them
Medina
74.4%
Exeter
2.2%
Jerusalem
15.4%
Niemcza
0.6%
Modern Day Country:
Malta
Medina
72.6%
Exeter
6%
Jerusalem
3.4%
Niemcza
11.6%
War or Major Conflict:
Arab–Byzantine Wars
Medina
71.4%
Exeter
2.6%
Jerusalem
16.8%
Niemcza
2%
Leaders:
Godfrey of Bouillon and Iftikhar al-Dawla
Jerusalem
65.4%
Exeter
6%
Medina
18.2%
Niemcza
2.4%
Leaders:
Constantine IX Monomachos, Byzantine Emperor
Medina
60.4%
Exeter
4.8%
Jerusalem
22.4%
Niemcza
5.4%
Year:
1099
Jerusalem
60%
Exeter
14.6%
Medina
10.8%
Niemcza
7%
Year:
1068
Exeter
60%
Jerusalem
13.2%
Medina
12.6%
Niemcza
8%
Year:
1053–54
Medina
47.2%
Exeter
12.2%
Jerusalem
19.2%
Niemcza
14.8%
Year:
1017
Niemcza
37.4%
Exeter
16.2%
Jerusalem
14.6%
Medina
25.2%

You're not logged in!

Compare scores with friends on all Sporcle quizzes.
OR
Log In

From the Vault

Click the Famous Poets

by OneoftheBhoys

Click the poet if you know it.
Remove Ads.
Support Sporcle.
Get the best of Sporcle when you Go Orange. This ad-free experience offers more features, more stats, and more fun while also helping to support Sporcle. Thank you for becoming a member.

Show Comments

Extras

Top Quizzes Today


Score Distribution

Your Account Isn't Verified!

In order to create a playlist on Sporcle, you need to verify the email address you used during registration. Go to your Sporcle Settings to finish the process.

Report this User

Report this user for behavior that violates our Community Guidelines.

Details: